Ceny Best of Photojournalism pre slovenský .týždeň v apríli udelilo americké združenie National Press Photographers Association každoročné ceny ...

Bibliographic Details
Main Author: Rišková, Mária, 1974- (Author, Interviewer)
Format: Article
Language:Slovak
Subjects:

MARC

LEADER 00000nab a2200000 a 4500
001 vtls009952419
003 SK-MaSNL
005 20260303050140.0
008 140328c2009 xo zr|p|||||||000 b|slo
015 |a SNBRB2009/09  |2 snkbucl 
038 |a SNKBUCL 
040 |a SNKBUCL  |b slo  |c SNKBUCL  |e AACR2 
041 0 |a slo 
044 |a xo  |c SK 
080 |a 32:070(437.6):06.068  |2 2001 
080 |a 070:32(437.6):06.068  |2 2001 
100 1 |a Rišková, Mária,  |d 1974-  |4 ivr  |4 aut  |9 105540 
245 1 0 |a Ceny Best of Photojournalism pre slovenský .týždeň  |b v apríli udelilo americké združenie National Press Photographers Association každoročné ceny ...  |c Mária Rišková, Csere, Róbert 
300 |b Fotogr. 
610 2 7 |a National Press Photographers Association  |x udelenie cien  |2 snkbucl  |9 1037887 
630 0 7 |a .týždeň (časopis)  |x The Best of Photojournalism (cena)  |2 snkbucl  |9 1037888 
648 7 |a 2009  |2 snkbucl  |9 320114 
650 0 7 |a časopisy  |2 snkbucl  |9 1421 
650 0 7 |a obrazový editor  |2 snkbucl  |9 1037889 
650 0 7 |a Best of Photojournalism (cena)  |z za r. 2009  |2 snkbucl  |9 1037890 
655 7 |a rozhovory  |2 snkbucl  |9 31831 
700 1 |a Csere, Róbert  |4 ive  |9 353570 
773 0 |t Designum  |g Roč. XV, č. 3 (2009), s. 68-69  |x 1335-034X 
852 |a SNK  |b KIS3GCP 
958 |a SK 
958 |a US 
999 |c 1706339  |d 1708269